000 00479nam a2200181Ia 4500
008 090123s9999 xx 000 0 und d
082 _b26718
_a891.463/बोरक
100 _aबोरकर वि.ज.
245 _aवंश
250 _a1
260 _bमौज प्रि.ब्यूरो
300 _a103
600 _aबोरकर वि.ज.
630 _aवंश
700 _aबोरकर वि.ज.
730 _aवंश
942 _cBOOK
999 _c64787
_d64787